Esquema de análisis gerencial para las economías centroamericanas

Salvato in:
Dettagli Bibliografici
Autore principale: Ramírez, Noel
Ente Autore: INCAE
Natura: testo
Pubblicazione: s.l.: INCAE
Tags: Aggiungi Tag
Nessun Tag, puoi essere il primo ad aggiungerne!!

MARC

LEADER 00000 a a2200000 04500
001 21695
003
040
090 |a 096900  
100 |a Ramírez, Noel  
110 |a INCAE  
245 |a Esquema de análisis gerencial para las economías centroamericanas  
260 |a s.l.:   |b INCAE  
300 |a 24 p.  
500 |a Nota técnica para servir como base de discusión en clase más bien que para ilustrar la gestión eficaz e ineficaz de una situación administrativa  
999 |c 1856  |d 1856